000 00262nam a2200097Ia 4500
008 230907s9999||||xx |||||||||||||| ||und||
082 _a697.9316
_bASH
245 0 _aThermal guidelines for data processing environments /
300 _axii, 145 pages :
942 _cBK
999 _c599533
_d599533